000 00413nam a22001697a 4500
003 OSt
008 230508b |||||||| |||| 00| 0 eng d
020 _a9789380803302
082 _a539.7 KUM
100 _aKUMAR,Raj
245 _aAtomic and Molecular Spectra : Laser
250 _a1st Ed Reprint
260 _aNew Delhi
_bKedar Nath
_c2021
300 _a555
650 _aDecentralization
942 _2ddc
_cREF
999 _c11998
_d11998